Evaluation of economic transformation in Hungary

Analýza a vyhodnotenie transformačného procesu ekonomiky v Maďarsku v rokoch 1989 až 2004. Charakteristika ekonomiky pred rokom 1989 a jej vplyv na transformáciu. Koncentrácia na hlavné kroky v transformácii ekonomiky, predovšetkým privatizácie.

Saved in:
Bibliographic Details
Main Author: Žídek, Libor
Format: Book Chapter
Language:English
Subjects:
Tags: Add Tag
No Tags, Be the first to tag this record!

MARC

LEADER 00000naa a2200000 4500
001 0186457
005 20231129092053.0
041 0 |a eng 
044 |a CZ 
245 1 0 |a Evaluation of economic transformation in Hungary  |c Libor Žídek 
520 |a Analýza a vyhodnotenie transformačného procesu ekonomiky v Maďarsku v rokoch 1989 až 2004. Charakteristika ekonomiky pred rokom 1989 a jej vplyv na transformáciu. Koncentrácia na hlavné kroky v transformácii ekonomiky, predovšetkým privatizácie. 
610 2 0 |a transformácia 
610 2 0 |a rast hospodársky 
610 2 0 |a Maďarsko 
610 2 0 |a privatizácia 
610 2 0 |a ZSSR 
100 1 |a Žídek, Libor